00609nam a2200193Ia 4500003000900000005001700009008004100026040003300067041000800100080001300108100001600121245004800137260004900185300002900234500003100263942000700294952009700301999001700398LK-CoDNM20240729112337.0010623t1911 xxu||||| |||| 00| 1 eng d aLK-CoDNMdLK-CoDNMeLK-CoDNM aeng a14 bN14 aChurch,A.H. aEnglish Porcelain of the Eighteenth Century bHis Majestys Stationery officeaLondonc1911 bxii, 164p. : ill ; 19 cm aVictoria and Albert Museum cBK 001041708OBCaMAINbMAINcREFd2024-07-29l0o14 N14pOB3409r2024-07-29w2024-07-29yBK c87427d87427